Thermodynamics in Materials Science /

Gespeichert in:
Bibliographische Detailangaben
1. Verfasser: DeHoff, Robert T (Verfasst von)
Format: Buch
Sprache:Englisch
Veröffentlicht: New York : McGraw-Hill, 1993
Schlagworte:
Tags: Tag hinzufügen
Keine Tags, Fügen Sie das erste Tag hinzu!

MARC

LEADER 00000nam a22000003a 4500
001 stu44481
005 20150617225715.2
008 950407s1993----xxu-----------------eng-d
020 |a 0-07-112596-5 
040 |a STU  |b slo 
041 0 |a eng 
044 |a xxu 
080 |a 536.7  |7 A000000260 
080 |a 620.22 
100 1 |a DeHoff, Robert T  |4 aut 
245 1 |a Thermodynamics in Materials Science /  |c [aut.]Robert T. DeHoff 
260 |a New York :  |b McGraw-Hill,  |c 1993 
300 |a 532 s 
650 7 |a termodynamika  |2 stusub 
650 7 |a vedy materiálové  |2 stusub 
650 7 |a materiály  |2 stusub 
996 |b 284M025703  |c M*8979-1  |l MMKN  |s A  |a 24  |w stu44481_0001